Reforma Penal 2008-2016 (Registro nro. 166556)
[ vista simple ]
| 000 -LEADER | |
|---|---|
| fixed length control field | 01101nam a22002417a 4500 |
| 007 - PHYSICAL DESCRIPTION FIXED FIELD--GENERAL INFORMATION | |
| fixed length control field | cr|||| |||| |
| 008 - FIXED-LENGTH DATA ELEMENTS--GENERAL INFORMATION | |
| fixed length control field | 181120s2017 mx |||||s|||| 00||0 spa d |
| 020 ## - INTERNATIONAL STANDARD BOOK NUMBER | |
| International Standard Book Number | 978-607-8447-60-2 |
| 035 ## - | |
| -- | 22461 |
| 040 ## - CATALOGING SOURCE | |
| Original cataloging agency | vLex |
| 090 ## - | |
| -- | 8319 |
| -- | 8319 |
| 100 1# - MAIN ENTRY--PERSONAL NAME | |
| Personal name | Gómez González, Arely |
| 245 10 - TITLE STATEMENT | |
| Title | Reforma Penal 2008-2016 |
| Medium | [Recurso electrónico] : |
| Remainder of title | El Sistema Penal Acusatorio en México / |
| Statement of responsibility, etc | Arely Gómez González |
| 256 ## - | |
| -- | Servicio en línea |
| 260 ## - PUBLICATION, DISTRIBUTION, ETC. (IMPRINT) | |
| Place of publication, distribution, etc | Ciudad de México: |
| Name of publisher, distributor, etc | Instituto Nacional de las Ciencias Penales, |
| Date of publication, distribution, etc | 2017 |
| 300 ## - PHYSICAL DESCRIPTION | |
| Extent | 1 recurso electrónico |
| 506 1# - RESTRICTIONS ON ACCESS NOTE | |
| Terms governing access | Disponible solo en los productos indicados |
| Authorized users | vLex Global |
| -- | vLex Global (Academic Edition, excluding Law Schools) |
| -- | vLex Global (U.S. Academic Edition, Law Schools) |
| -- | vLex Global (U.S. Academic Edition, excluding Law Schools) |
| -- | vLex Global (Academic Edition, Law Schools) |
| 650 04 - SUBJECT ADDED ENTRY--TOPICAL TERM | |
| Topical term or geographic name as entry element | Derecho Penal |
| Geographic subdivision | México |
| 740 0# - | |
| -- | vLex Libros (Servicio en línea) |
| 856 40 - LOCALIZACIÓN Y ACCESO ELECTRÓNICO | |
| Identificador Uniforme del Recurso (URI/URL) | https://app.vlex.com/#/sources/reforma-penal-2008-2016-sistema-penal-acusatorio-mexico-22461 |
| 942 ## - | |
| -- | RAA |
| 999 ## - | |
| -- | 166556 |
| -- | 166556 |
No hay ítems disponibles.